"Разбилось лишь сердце мое...": роман-эссе

Մատենագիտական մանրամասներ
Հիմնական հեղինակ: Гинзбург Л. В. Лев Владимирович
Լեզու:ռուսերեն
Հրապարակվել է: Москва, Советский писатель, 1983
Խորագրեր:
Ձևաչափ: Գիրք
KOHA link:https://koha.lib.tpu.ru/cgi-bin/koha/opac-detail.pl?biblionumber=311129

MARC

LEADER 00000nam0a2200000 4500
001 311129
005 20231102002345.0
035 |a (RuTPU)RU\TPU\book\336484 
090 |a 311129 
100 |a 20151203d1983 m y0rusy50 ca 
101 0 |a rus 
102 |a RU 
105 |a c z 000ay 
200 1 |a "Разбилось лишь сердце мое..."  |e роман-эссе  |f Л. В. Гинзбург 
210 |a Москва  |c Советский писатель  |d 1983 
215 |a 253 с.  |c портр. 
606 1 |a Русская литература современная  |2 stltpush  |3 (RuTPU)RU\TPU\subj\26373  |9 50316 
610 1 |a художественная литература 
610 1 |a советская литература 
610 1 |a романы 
610 1 |a эссе 
610 1 |a переводчики 
610 1 |a поэты 
675 |a Р2  |v 4 
700 1 |a Гинзбург  |b Л. В.  |g Лев Владимирович  |4 070 
801 1 |a RU  |b 63413507  |c 20151203 
801 2 |a RU  |b 63413507  |c 20210414  |g RCR 
942 |c BK